Europe de l'Ouest - Carte Quiz - Statistiques

Statistiques générales
  • Ce quiz a été pris 11 640 fois
  • Le résultat moyen est 22 sur 24
Réponses sur la Carte
Les réponses sont colorées sur une échelle allant du rouge au vert en fonction du pourcentage des utilisateurs qui les ont devinées à leur premier essai. Vous pouvez retrouver ces pourcentages ci-dessous.
 
Statistiques - réponses
Réponse % Correct
Royaume-Uni
96%
Irlande
95%
France
94%
Islande
94%
Allemagne
93%
Espagne
93%
Italie
93%
Portugal
93%
Grèce
92%
Belgique
91%
Suisse
91%
Luxembourg
90%
Monaco
90%
Pays-Bas
90%
Autriche
89%
Finlande
89%
Vatican
89%
Danemark
88%
Malte
88%
Liechtenstein
87%
Suède
87%
Andorre
86%
Norvège
86%
Saint-Marin
78%
Aucun quiz correspondant
Distribution des résultats
% des personnes avec chaque résultat
Percentile par nombre de réponses
Votre historique - résultats
Vous n’avez pas pris ce quiz